|
|
|
|
| LEADER |
00000nam a2200000 4500 |
| 001 |
vtls012277445 |
| 003 |
SK-MaSNL |
| 005 |
20260426004003.0 |
| 008 |
250603s2025 xo hoc g c 000 0dslo |
| 020 |
|
|
|a 9788057067719
|q (brožované)
|
| 040 |
|
|
|a SNK
|b slo
|c SNK
|e rda
|
| 041 |
0 |
|
|a slo
|
| 043 |
|
|
|a e-xo---
|
| 044 |
|
|
|a xo
|c SK
|
| 072 |
|
7 |
|a 7.01/.09
|x Umenie
|2 konspekt
|
| 080 |
|
|
|a 7.031.4-055.1
|2 2011
|
| 080 |
|
|
|a 745.51.021.7.071.1
|2 2011
|
| 080 |
|
|
|a 75.071.1
|2 2011
|
| 080 |
|
|
|a 741/744-055.1
|2 2011
|
| 080 |
|
|
|a (437.6)
|2 2011
|
| 080 |
|
|
|a (083.82)
|2 2011
|
| 100 |
1 |
|
|a Bernát, Libor,
|d 1958-
|4 aut
|9 10394
|
| 245 |
1 |
0 |
|a Ľudový umelec Štefan Danko
|b (rezbár, maliar, kresliar)
|c Libor Bernát
|
| 250 |
|
|
|a Vydanie prvé
|
| 264 |
|
1 |
|a [Nová Dubnica]
|b [Libor Bernát]
|c 2025
|
| 300 |
|
|
|a 215 strán
|b faksimile, fotografie, portréty
|c 30 cm
|
| 336 |
|
|
|a text
|b txt
|2 rdacontent
|
| 336 |
|
|
|a statický obraz
|b sti
|2 rdacontent
|
| 337 |
|
|
|a bez média
|b n
|2 rdamedia
|
| 338 |
|
|
|a zväzok
|b nc
|2 rdacarrier
|
| 366 |
|
|
|e 50 kusov
|
| 500 |
|
|
|a Obsahuje poznámky pod čiarou
|
| 500 |
|
|
|a Obsahuje zoznam skratiek a vysvetliviek
|
| 500 |
|
|
|a Vydané nákladom rodiny Dankovej
|
| 500 |
|
|
|a Vydavateľ podľa NA ISBN
|
| 504 |
|
|
|a Obsahuje bibliografiu, bibliografické odkazy
|
| 600 |
1 |
7 |
|a Danko, Štefan,
|d 1929-1997
|2 SNKMA
|9 625394
|
| 650 |
0 |
7 |
|a ľudoví umelci
|2 SNKPH
|9 240286
|
| 650 |
0 |
7 |
|a rezbári
|2 SNKPH
|9 55567
|
| 650 |
0 |
7 |
|a maliari
|2 SNKPH
|9 3150
|
| 650 |
0 |
7 |
|a kresliari
|2 SNKPH
|9 98115
|
| 650 |
0 |
7 |
|a Folk artists
|2 SNKPHeng
|9 449379
|
| 650 |
0 |
7 |
|a Carvers
|2 SNKPHeng
|9 292488
|
| 650 |
0 |
7 |
|a Painters
|2 SNKPHeng
|9 99679
|
| 650 |
0 |
7 |
|a Cartoonists
|2 SNKPHeng
|9 131995
|
| 651 |
|
7 |
|a Slovensko
|2 SNKPHgeo
|9 14231
|
| 651 |
|
7 |
|a Slovakia
|2 SNKPHeng
|9 92630
|
| 655 |
|
7 |
|a katalógy
|2 SNKPH
|9 60821
|
| 655 |
|
7 |
|a Catalogs
|2 SNKPHeng
|9 266059
|
| 700 |
1 |
|
|a Krajčová, Daniela,
|d 1955-
|4 pht
|4 bkd
|9 222892
|
| 700 |
1 |
|
|a Vydrnák, Jozef,
|d 1961-
|4 rev
|4 bjd
|9 106060
|
| 700 |
1 |
|
|a Kováč, Ján
|4 rev
|9 265941
|
| 852 |
|
|
|a Slovenská národná knižnica
|
| 919 |
|
|
|a 978-80-570-6771-9
|
| 958 |
|
|
|a NB
|
| 999 |
|
|
|c 960673
|d 962603
|
| 952 |
|
|
|a SNK
|b SNK
|y NEVYP
|7 1
|p 17A1581065
|o snkOSB 21837
|i snk2025/16295
|8 0
|0 0
|1 0
|4 0
|d 2025-10-13
|l 0
|r 2026-02-24 10:17:48
|w 2026-02-24
|